Nové trendy v komunikácii firiem s verejnosťou

Nové trendy v komunikácii firiem s verejnosťou. Charakteristika nových trendov v komunikácii firiem s orientáciou na konkrétne interaktívne marketingové nástroje a sociálne médiá. Možnosti využitia týchto nových trendov v komunikácii pre oblasť public relations.

Saved in:
Bibliographic Details
Main Author: Paholková, Barbora
Format: Book Chapter
Language:Slovak
Subjects:
Tags: Add Tag
No Tags, Be the first to tag this record!

MARC

LEADER 00000nla a2200000 4500
001 0181292
005 20240502073117.5
041 0 |a slo 
044 |a SK 
245 1 0 |a Nové trendy v komunikácii firiem s verejnosťou  |c Barbora Paholková 
520 |a Nové trendy v komunikácii firiem s verejnosťou. Charakteristika nových trendov v komunikácii firiem s orientáciou na konkrétne interaktívne marketingové nástroje a sociálne médiá. Možnosti využitia týchto nových trendov v komunikácii pre oblasť public relations. 
610 2 0 |a firmy 
610 2 0 |a komunikácia 
610 2 0 |a komunikácia elektronická 
610 2 0 |a vzťahy s verejnosťou 
610 2 0 |a marketing elektronický 
610 2 0 |a médiá 
100 1 |a Paholková, Barbora